000 004530000a22001810004500
003 MACL
005 20150707163848.0
008 150707b xxu||||| |||| 00| 0 eng d
040 _aMACL
_cMACL
041 _aEnglish
082 _a307/SIN
100 _aSingh, k Suresh
_91325
245 _aThe Tribal Situation In India
260 _bMotilal Banarsidas Publishers
_c1986
_aNew Delhi
350 _a250
650 _aSociology
_919
942 _cBK
_k307
_2ddc
999 _c6088
_d6088